000 00762pam a2200229 a 4500
001 3015419
005 20180109035523.0
008 940707s1994 ilu b 101 0 eng
010 _a 94029237
020 _a0814150136 :
_c$18.95
040 _aDLC
_cDLC
_dDLC
041 _aeng
080 _a428.0071 SHAN
082 0 0 _a428.0071 SHAN
_220
100 _a46
101 _aEDU
245 0 0 _aTeachers thinking, teachers knowing :
_cedited by Timothy Shanahan.
504 _aIncludes bibliographical references and indexes.
906 _a7
_bcbc
_corignew
_d1
_eocip
_f19
_gy-gencatlg
942 _2ddc
_cBK
999 _c39846
_d39846